Ciencia para pasar la primavera / (Registro nro. 32472)
[ vista simple ]
| 000 -CABECERA | |
|---|---|
| campo fijo de control de longitud | 01393cam a2200457 i 4500 |
| 001 - NÚMERO DE CONTROL | |
| campo de control | 32472 |
| 003 - IDENTIFICADOR DEL NÚMERO DE CONTROL | |
| campo de control | AR-RoBPED |
| 005 - FECHA Y HORADE LA ULTIMA TRANSACCION | |
| campo de control | 20260330090249.0 |
| 008 - ELEMENTOS DE LONGITUD FIJA--INFORMACION GENERAL | |
| campo fijo de control de longitud | 230502e2018 03 ag a br 001 0 spa d |
| 020 ## - ISBN | |
| ISBN | 9789871217991 |
| 040 ## - FUENTE CATALOGADORA | |
| Centro catalogador/agencia de origen | AR-RoBPED |
| 041 ## - IDIOMA | |
| Código de idioma para texto/pista de sonido o título independiente | spa |
| 100 ## - ENCABEZAMIENTO PRINCIPAL--AUTOR PERSONAL | |
| Nombre de persona | Edelsztein, Valeria |
| Fechas nac-muerte | 1982- |
| Función | autor |
| 9 (RLIN) | 28970 |
| 245 10 - TITULO | |
| Título | Ciencia para pasar la primavera / |
| Mención de responsabilidad | Valeria Edelzstein ; ilustraciones de Javier Reboursin |
| 260 ## - PUBLICACION | |
| Lugar | Buenos Aires : |
| Editor | Iamiqué, |
| Fecha | 2017. |
| 300 ## - DESCRIPCION FISICA | |
| Extensión | 45 p. |
| Otros detalles físicos | il. |
| Dimensiones | 22 cm |
| 490 0# - SERIE | |
| Mención de serie | (Ciencia todo el año) |
| 500 ## - NOTA GENERAL | |
| Nota general | Se utiliza con la estación de lectura: Primavera. |
| 521 ## - NIVEL | |
| Nivel de la audiencia | A partir de 8 años. |
| 650 #4 - TERMINO DE MATERIA--CONTROLADO | |
| Término controlado | CIENCIAS DE LA VIDA |
| 9 (RLIN) | 10137 |
| Término controlado | DIVULGACION CIENTIFICA |
| 9 (RLIN) | 19556 |
| Término controlado | ESTACIONES DEL AÑO |
| 9 (RLIN) | 10163 |
| Término controlado | PLANTAS |
| 9 (RLIN) | 3012 |
| Término controlado | FLORES |
| 9 (RLIN) | 4357 |
| Término controlado | HORMIGAS |
| 9 (RLIN) | 4413 |
| Término controlado | ANIMALES |
| 9 (RLIN) | 4284 |
| Término controlado | AVES |
| 9 (RLIN) | 1567 |
| Término controlado | ALERGIAS |
| 9 (RLIN) | 1406 |
| Término controlado | TORMENTAS |
| 9 (RLIN) | 5097 |
| Término controlado | TORNADOS |
| 9 (RLIN) | 7026 |
| Término controlado | OCEANOS |
| 9 (RLIN) | 2033 |
| 653 ## - Término no controlado | |
| Término propuesto | TROPISMOS |
| Término propuesto | COLIBRIES |
| Término propuesto | MARIPOSAS |
| Término propuesto | RELOJ CIRCADIANO |
| Término propuesto | ENAMORAMIENTO |
| Término propuesto | CANTO DE AVES |
| 700 1# - ENCABEZAMIENTO SECUNDARIO--AUTOR PERSONAL | |
| Nombre de persona | Reboursin, Javier |
| Fecha de nac-muerte | 1984- |
| Función | il. |
| 9 (RLIN) | 30661 |
| 942 ## - ELEMENTOS KOHA | |
| Fuente de clasificación | Universal Decimal Classification |
| Número Koha | k. 32472 |
| Koha tipo de ítem | Libro |
| Clasificación | 613.13 |
| Pre signatura | I |
| Signatura librística | E 23 p |
| Inventario | Inv. 42330 |
| 945 ## - PROCESAMIENTO DE LA INFORMACIÓN LOCAL | |
| Catalogador y fecha | mev 27/03/2026 - cd 30/03/2026 |
| Estado retirado | Estado perdido | Fuente de clasificación | Estado dañado | No se presta | Biblioteca propietaria | Biblioteca de reserva | Fecha de adquisición | Procedencia | Total de préstamos | Signatura topográfica completa | Código de barras (nº de inventario) | Fecha visto por última vez | Catalogador y fecha | Tipo de ítem Koha | Nota pública |
|---|---|---|---|---|---|---|---|---|---|---|---|---|---|---|---|
| Universal Decimal Classification | Biblioteca Pedagógica Eudoro Díaz | Biblioteca Pedagógica Eudoro Díaz | 27/03/2026 | Compra | I 613.13 E 23 p | 42330 | 27/03/2026 | mev 27/03/2026 | Libro | sale 15 días |